Ṭip ṭipah
Saved in:
| Main Author: | |
|---|---|
| Format: | Audio |
| Language: | Hebrew |
| Published: |
[Tel Aviv?] :
BNE,
1998.
|
| Subjects: | |
| Tags: |
Add Tag
No Tags, Be the first to tag this record!
|
| LEADER | 00553njm a22001817u 4500 | ||
|---|---|---|---|
| 001 | 007792204-2 | ||
| 005 | 20020606104010.5 | ||
| 008 | 910205s1998||||is ||nn||||||||||| heb|d | ||
| 035 | 0 | |a ocm83425494 | |
| 100 | 1 | |a Sinuʾani, Avi. | |
| 245 | 1 | 0 | |a Ṭip ṭipah |h sound recording / |c Avi Sinuʾani. |
| 260 | 0 | |a [Tel Aviv?] : |b BNE, |c 1998. | |
| 300 | |a 1 sound disc : |b digital, stereo. ; |c 4 3/4 in. | ||
| 546 | |a Words of songs in Hebrew printed on insert. | ||
| 655 | 7 | |a Compact discs (singles). |2 local | |
| 650 | 0 | |a Songs, Hebrew |z Israel. | |
| 988 | |a 20020608 | ||
| 906 | |0 MH | ||


